000 00993nam a22002897a 4500
005 20110427145815.0
008 110427t xxu||||| |||| 00| 0 eng d
010 _aENG-102329
020 _a9788175333192
_c995.00
035 _aEN-85862
037 _bDBAD/PUB
040 _adpl
_bEng
082 _a330.122
100 _927456
_aRani, S.
245 _aWomen and global economic order :
_cby S. Rani
_ba feminist perspectives /
260 _aNew Delhi
_b MD Publications
_c2010
270 _a"MD House", 11, Darya Ganj
_bNew Delhi
_e110002
_k91-11-45355555
_mcontact@mdppl.com
300 _avi,307 p.
_c22cm (Hb)
500 _aIncludes bibliographical references and index
610 _927464
650 _927465
651 _927466
700 _927451
710 _927453
942 _2ddc
_cEN
_h330.122
_mRAN
999 _c51934
_d51934